ნორმალური ფორმატი
MARC ფორმატი
ჩანაწერი Corporate Name
ჩანაწერთა რაოდენობა, რომელიც გამოყენებულია: 1
001 - CONTROL NUMBER
- control field: 18602
003 - CONTROL NUMBER IDENTIFIER
- control field: GE_BSU
005 - DATE AND TIME OF LATEST TRANSACTION
- control field: 20230609152047.0
008 - FIXED-LENGTH DATA ELEMENTS
- fixed length control field: 230609|| aca||aabn | a|a d
040 ## - CATALOGING SOURCE
- Original cataloging agency: GE_BSU
- Transcribing agency: GE_BSU
110 ## - HEADING--CORPORATE NAME
- Corporate name or jurisdiction name as entry element: საქართველოს მეცნიერებათა აკადემია
- Subordinate unit: გ. წერეთლის სახელობის აღმოსავლეთმცოდნეობის ინსტიტუტი.
670 ## - SOURCE DATA FOUND
- Source citation: Work cat.: (GE_BSU): ნაჭყებია, ირინე 18601, ნარკვევები საფრანგეთ-ირანის დიპლომატიური ურთიერთობის ისტორიიდან (XIX საუკუნის დასაწყისი) = Les relations diplomatiques entre la France et la Perse au debut du XIXe siecle /
